Mikroelektronické obvody v chemické instrumentaci pro posl. přírodovědecké fak.

Podrobná bibliografia
Hlavní autori: Jílek, Jaromír, 1913- (Autor), Kalvoda, Robert, 1926-2011 (Autor)
Médium: Kniha
Jazyk:čeština
Fyzický popis:102 s. 4°
Vydavateľské údaje: Olomouc Univ. Palackého 1989
Predmet:

MARC

LEADER 00000nam a2200000 a 4500
001 vtls001334929
003 SK-MaSNL
005 20260301160323.0
008 240314s1989 xr 0 cze
035 |a SNK000287886 
040 |a SNK  |b slo  |c SNK  |e AACR2 
041 0 |a cze 
044 |a CZ 
080 |a 621.37/.39.049.77:543.25(075.8)  |2 1981 
100 1 |a Jílek, Jaromír,  |d 1913-  |4 aut  |9 64430 
245 1 0 |a Mikroelektronické obvody v chemické instrumentaci  |b pro posl. přírodovědecké fak.  |c Jaromír Jílek, Robert Kalvoda 
260 |a Olomouc  |b Univ. Palackého  |c 1989 
300 |a 102 s.  |c 4° 
650 0 7 |a inštrumentácia chemická  |x obvody mikroelektronické  |x učebnice vysokoškolské  |2 SNK  |9 521720 
700 1 |a Kalvoda, Robert,  |d 1926-2011  |4 aut  |9 233470 
958 |a RK 
958 |a OND 
999 |c 804949  |d 806879 
952 |t P60, <04>, [BOOK], {604}  |a SNK  |b SNK  |y VYP  |7 0  |o snkIB 63428  |i snkKIP 1303/90  |0 0  |1 0  |4 0  |d 1998-06-22  |l 0  |r 2005-01-02 00:00:00  |w 2026-02-24 
952 |t P60, <04>, [BOOK], {604}  |a SNK  |b SNK  |y VYP  |7 0  |o snkIB 63428 D1  |i snkKIP 1304/90  |0 0  |1 0  |4 0  |d 1998-06-22  |l 0  |r 2005-01-02 00:00:00  |w 2026-02-24